Maternidad y lactancia: desde el nacimiento hasta los seis meses

Saved in:
Bibliografiske detaljer
Hovedforfatter: Nylander, Gro (autor)
Format: Bog
Sprog:spansk
Udgivet: Ciudad de México Planeta 2005
Udgivelse:1a. ed
Fag:
Tags: Tilføj Tag
Ingen Tags, Vær først til at tagge denne postø!

MARC

LEADER 00000nam a2200000 a 4500
001 UCI8535
003 CL-VaPUC
008 080911e20050000MX |||||||||||||||||spa|d
020 |a 9703704239 
082 0 4 |a 612.65  |b NYL  |2 21 
100 |a Nylander, Gro  |e autor  |9 532028 
245 1 0 |a Maternidad y lactancia: desde el nacimiento hasta los seis meses 
250 |a 1a. ed 
300 |a 356 p 
942 |c BK 
945 |d 20080911 00:00:00  |a rbrito 
260 |a Ciudad de México  |b Planeta  |c 2005 
650 0 |a Maternidad  |9 335758 
650 7 |a EMBARAZO  |2 CL-VaPUC  |9 308235 
650 7 |a LACTANCIA  |2 CL-VaPUC  |9 271724 
650 0 |a Desarrollo infantil  |9 308064 
650 7 |a NACIMIENTO  |2 CL-VaPUC  |9 310887 
650 7 |a CUIDADO DE NIÑOS LACTANTES  |2 CL-VaPUC  |9 436646 
650 7 |a CUIDADO PRENATAL  |2 CL-VaPUC  |9 309373 
583 |a last modification  |c 20080911 00:00:00  |k Rodrigo Vera 
999 |c 331376  |d 331374 
952 |0 0  |1 0  |4 0  |6 612_650000000000000_NYL_2005  |7 0  |8 A  |9 417923  |a BIBEDU  |b BIBEDU  |d 2019-11-22  |i 4480848  |o 612.65 NYL 2005  |p 4480848  |r 2019-11-22  |w 2019-11-22  |y BK  |k EBA